Представление документа в формате MARC21

Поле Инд. ПП Название Значение
Тип записи a
Библиографический уровень b
001 Контрольный номер RU/IS/BASE/142440574
005 Дата корректировки 20200522190735.5
084 a Индекс другой классификации/Индекс ББК 87.3(4)6; 60.001(4)6
100 1_ a Автор Миголатьев А. А.
245 10 a Заглавие Ведущие течения современной западной философии
500 a Примечание Начало см.: № 1 / 2002
504 a Библиография Библиогр. ссылки
600 14 a Персоналии Витгенштейн Людвиг
a Персоналии Джемс Уильям
a Персоналии Дьюи Джон
a Персоналии Карнап Рудольф
a Персоналии Маркузе Герберт
a Персоналии Пирс Чарлз Сандерс
a Персоналии Поппер Карл Раймунд
a Персоналии Шлик Мориц
650 04 a Основная рубрика история философии
a Основная рубрика социальная философия
a Основная рубрика философия
653 0_ a Ключевые слова XIX век
a Ключевые слова XX век
a Ключевые слова история социальной философии
a Ключевые слова критический рационализм
a Ключевые слова логический позитивизм
a Ключевые слова неомарксизм
a Ключевые слова неопозитивизм
a Ключевые слова позитивизм
a Ключевые слова постпозитивизм
a Ключевые слова прагматизм
a Ключевые слова теория научной рациональности
a Ключевые слова философские учения
a Ключевые слова франкфуртская школа
773 18 t Заглавие источника Социально-гуманитарные знания
d Дата издания источника 2002
g Прочая информация № 3. - С. 84 - 96
w Контрольный № источника RU/IS/BASE/139677438
901 t Тип документа b